|
|
|
|
| LEADER |
00000naa2a2200000 4500 |
| 001 |
685898 |
| 005 |
20260402092911.0 |
| 090 |
|
|
|a 685898
|
| 100 |
|
|
|a 20260401d2025 k||y0rusy50 ba
|
| 101 |
0 |
|
|a eng
|
| 102 |
|
|
|a RU
|
| 135 |
|
|
|a drcn ---uucaa
|
| 200 |
1 |
|
|a Smart management framework for energy storage system operation modes
|f N. N. Niyozov, R. A. Ufa
|g Supervisor I. U. Rakhmonov
|
| 283 |
|
|
|2 RDAcarrier
|
| 320 |
|
|
|a Список литературы: 5 назв
|
| 336 |
|
|
|a Текстовый файл
|
| 463 |
|
1 |
|0 685753
|9 685753
|t Бутаковские чтения
|o сборник статей V Всероссийской с международным участием молодёжной конференции, 9-11 декабря 2025 г., Томск
|n Изд-во ТПУ
|c Томск
|d 2025
|u conference_tpu-2025-C133.pdf
|v С. 134-137
|
| 545 |
1 |
|
|a Цифровизация в электроэнергетике и интеллектуальные энергосистемы
|
| 610 |
1 |
|
|a труды учёных ТПУ
|
| 610 |
1 |
|
|a электронный ресурс
|
| 700 |
|
1 |
|a Niyozov
|b N. N.
|
| 701 |
|
1 |
|a Ufa
|b R. A.
|c specialist in the field of electric power engineering
|c Associate Professor of Tomsk Polytechnic University, Candidate of Technical Sciences
|f 1988-
|g Ruslan Alexandrovich
|9 16731
|
| 702 |
|
1 |
|a Rakhmonov
|b I. U.
|4 727
|
| 801 |
|
0 |
|a RU
|b 63413507
|c 20260401
|
| 850 |
|
|
|a 63413507
|
| 856 |
4 |
0 |
|u conference_tpu-2025-C133_p134-137.pdf
|z conference_tpu-2025-C133_p134-137.pdf
|
| 942 |
|
|
|c CF
|